Statystyki dla Wszyscy Finaliści Mistrzostw Świata

Kliknij tutaj aby rozwiązać quiz!

Ogólne statystyki

  • Ten quiz został rozwiązany 2 059 razy
  • Średni wynik to 38 z 42

Statystyki odpowiedzi

Gdzie?Kiedy?Wycięzca% Poprawnych
Pasadena1994Brazylia
99%
Brazylia
99%
Brazylia
99%
Gmina Solna1958Brazylia
99%
Santiago1962Brazylia
99%
Meksyk1970Brazylia
99%
Jokohama2002Brazylia
99%
Saint-Denis1998Francja
99%
Francja
99%
Moskwa2018Francja
99%
Argentyna
98%
Argentyna
98%
Meksyk1986Argentyna
98%
Buenos Aires1978Argentyna
98%
Argentyne
98%
Niemcy
98%
Rio de Janeiro2014Niemcy
98%
Rzym1990Niemcy Zachodnie
98%
Niemcy Zachodnie
98%
Berno1954Niemcy Zachodnie
98%
Niemcy Zachodnie
98%
Monachium1974Niemcy Zachodnie
98%
Niemcy Zachodnie
98%
Johannesburg2010Hiszpania
97%
Berlin2006Wlochy
95%
Wlochy
95%
Paryz1938Wlochy
95%
Madryt1982Wlochy
95%
Wlochy
95%
Rzym1934Wlochy
95%
Londyn1966Anglia
91%
Chorwacja
90%
Rio de Janeiro1950Urugwaj
90%
Montevideo1930Urugwaj
90%
Holandia
87%
Holandia
87%
Holandia
87%
Szwecja
55%
Wegry
50%
Wegry
50%
Czechosłowacja
39%
Czechosłowacja
39%

Rozkład punktacji

Percentyl według liczby udzielonych odpowiedzi

Procent ludzi z każdym wynikiem

Twoja historia wyników

Nie rozwiązałeś tego quizu